Première partie : la naissance de la vie politique moderne française - Statistiques

Statistiques générales
  • Ce quiz a été pris 23 fois
  • Le résultat moyen est 9 sur 31
Statistiques - réponses
Question Réponse % Correct
Le nombre de directeurs sous la constitution de l'an III 5
92%
Combien de députés du Clergé et de la noblesse 300
58%
Nombre de députés du Tiers Etat 600
50%
Il a publié Qu'est-ce que le Tiers Etat Abbé Sieyès
50%
En gros, qui a les pouvoirs sous la constitution de l'an VIII? Le premier consul, Napoléon Bonaparte
50%
Le royaume français est en parti envahi 11 juillet 1792
42%
Le Tiers Etat se déclare assemblée nationale 17 juin 1789
42%
Serment du Jeu de Paume 20 juin 1789
42%
Début des Etats Généraux 5 mai 1789
42%
5 mai 1789-début juin 1789 Les Etats Généraux piétinent
42%
Groupement politique de Robespierre, Brissot et Lafayette Les "Jacobins"
42%
Nom du groupement politique des défenseurs de l'Ancien régime Les "Noirs"
42%
L'attaque du château des Tuileries 10 août 1792
33%
Victoire de Valmy 20 septembre 1792
33%
Convocation des Etats Généraux août 1788
25%
9 juillet 1789 Assemblée nationale constituante
25%
Qui représente la nation à partir du 9 juillet 1789? L'assemblée nationale
25%
Sous la constitution de 1791, le pouvoir est entre les mains de deux institutions Le roi et l'assemblée législative
25%
Pourquoi la situation des Etats généraux est-elle bloquée ? Problème de vérification
25%
Lieu où les conseils sont transférés le 18 Brumaire de l'an VIII Saint Cloud
25%
Révolte du Tiers 10 juin 1789-17 juin 1789
17%
Fuite à Varennes 20 et 22 juin 1791
17%
9 thermidor de l'an II Chute de Robespierre
17%
Les deux chambres du pouvoir législatif de la constitution de l'an III Le conseil des 500 et le conseil des Anciens
17%
Date de la mise en place de la constitution de 1791 1er octobre 1791
8%
21 janvier 1793 Mort de Louis XVI
8%
Le noms des Trois premiers consuls Sieyès, Bonaparte et Roger Ducos
8%
Autre nom des "Cordeliers" Société des amis des droits de l'homme et du citoyen
8%
Liberté totale de la presse en France Août 1788-10 août 1792
0%
14 septembre 1791 Auto-détermination du comtat Venaissin
0%
Les trois nouvelles pratiques politiques Élection, délibération publique et nouveaux supports
0%
Aucun quiz correspondant
Distribution des résultats
% des personnes avec chaque résultat
Percentile par nombre de réponses
Votre historique - résultats
Vous n’avez pas pris ce quiz